Представление документа в формате MARC21

Поле Инд. ПП Название Значение
Тип записи a
Библиографический уровень m
001 Контрольный номер 9050bf127f74419584c6cc33c42c365f
005 Дата корректировки 20230510150938.7
008 Кодируемые данные 20200910
041 0_ a Код языка текста rus
084 a Индекс другой классификации/Индекс ББК 67
090 a Полочн. индекс 95.2+67
099 a Индекс 15604
245 10 a Заглавие Информационный вестник правительства Московской области
n Номер части/ раздела №13/2020
c Ответственность учредители: Гос. автономное учреждение Моск. обл. "ИД "Подмосковье" [и др.]; шеф-ред. А. Б. Прокопьев
260 c Дата издания 2020
b Издательство Подмосковье
a Место издания Москва
300 a Объем 640 с.
500 a Примечание Журнал
650 04 a Основная рубрика право
653 0_ a Ключевые слова закон; постановления; распоряжение; Московская область; правительство
773 18 w Контрольный № источника RU/IS/BASE/497019111
901 t Тип документа s
952 a Тип литературы для КСУ ВШ НОР
991 s 9